[Event "RUS-ch Rapid"]
[Site "Sochi"]
[Date "2022.10.15"]
[Round "5"]
[White "Tomashevsky, Evgeny"]
[Black "Shomoev, Anton"]
[Result "1-0"]
[WhiteElo "2696"]
[BlackElo "2555"]
[PlyCount "95"]
[EventDate "2022.10.15"]
[EventType "swiss (rapid)"]
[EventRounds "11"]
[EventCountry "RUS"]
[SourceTitle "CBM 210 Extra"]
[Source "ChessBase"]
[SourceDate "2022.11.30"]
[SourceVersion "1"]
[SourceVersionDate "2022.11.30"]
[SourceQuality "1"]

1. d4 Nf6 2. c4 g6 3. Nc3 d5 4. cxd5 Nxd5 5. e4 Nxc3 6. bxc3 Bg7 7. Nf3 c5 8. Bb5+ Nc6 9. 0-0 0-0 10. Bxc6 bxc6 11. Qc2 Qa5 12. Rb1 Ba6 13. Re1 Bc4 14. Ne5 Bxe5 15. dxe5 Rfb8 16. Bg5 Kf8 17. Qd2 Rxb1 18. Rxb1 Rd8 19. Qe3 Bxa2 20. Rc1 Be6 21. h3 c4 22. Qg3 h5 23. Rb1 Qc7 24. Be3 Rb8 25. Ra1 c5 26. f4 Rd8 27. Qf2 Rd3 28. Bxc5 a5 29. Bd4 Qb7 30. f5 gxf5 31. exf5 Bd5 32. Rxa5 Rd1+ 33. Kh2 Rb1 34. Ra2 Qb3 35. Qd2 Qd1 36. Qxd1 Rxd1 37. Kg3 Rf1 38. f6 exf6 39. exf6 Kg8 40. Kh4 Rf5 41. g4 hxg4 42. hxg4 Rf1 43. Kg5 Be6 44. Re2 Rf3 45. Re4 Rg3 46. Be5 Rg1 47. Bd4 Kh7 48. Bxg1 1-0

[Event "RUS-ch Blitz"]
[Site "Sochi"]
[Date "2022.10.14"]
[Round "1"]
[White "Potapenko, Denis Petrovich"]
[Black "Shomoev, Anton"]
[Result "0-1"]
[WhiteElo "2150"]
[BlackElo "2555"]
[PlyCount "88"]
[EventDate "2022.10.14"]
[EventType "swiss (blitz)"]
[EventRounds "13"]
[EventCountry "RUS"]
[SourceTitle "CBM 210 Extra"]
[Source "ChessBase"]
[SourceDate "2022.11.30"]
[SourceVersion "1"]
[SourceVersionDate "2022.11.30"]
[SourceQuality "1"]

1. d4 Nf6 2. Nc3 d5 3. Bg5 c5 4. Bxf6 gxf6 5. e3 Nc6 6. Qh5 cxd4 7. exd4 e6 8. 0-0-0 Bd7 9. Nge2 Qa5 10. g3 b5 11. Nf4 b4 12. Ncxd5 exd5 13. Nxd5 0-0-0 14. Qxf7 Bd6 15. Bc4 Rdf8 16. Qh5 Kb8 17. Kb1 Ne7 18. Rhe1 Nxd5 19. Bxd5 Bc6 20. Bf3 Qxh5 21. Bxh5 Bd5 22. Be2 Kc7 23. Rc1 Re8 24. c4 Be4+ 25. Ka1 f5 26. c5 Be7 27. Bb5 Bf6 28. Bxe8 Rxe8 29. f3 Bc6 30. Rxe8 Bxe8 31. Re1 Bf7 32. Rd1 Kc6 33. Kb1 Kd5 34. Kc2 Bxd4 35. c6 Be6 36. c7 Bd7 37. Re1 Kc6 38. Re7 Kxc7 39. Rxh7 Kd6 40. h4 f4 41. Kb3 fxg3 42. Rh6+ Be6+ 43. Ka4 g2 44. Rg6 g1Q 0-1

[Event "RUS-ch Blitz"]
[Site "Sochi"]
[Date "2022.10.14"]
[Round "2"]
[White "Shomoev, Anton"]
[Black "Averin, Nikolay"]
[Result "1-0"]
[WhiteElo "2555"]
[BlackElo "2368"]
[PlyCount "89"]
[EventDate "2022.10.14"]
[EventType "swiss (blitz)"]
[EventRounds "13"]
[EventCountry "RUS"]
[SourceTitle "CBM 210 Extra"]
[Source "ChessBase"]
[SourceDate "2022.11.30"]
[SourceVersion "1"]
[SourceVersionDate "2022.11.30"]
[SourceQuality "1"]

1. e4 c5 2. Nf3 d6 3. d4 cxd4 4. Nxd4 Nf6 5. Nc3 a6 6. Be3 Nbd7 7. f3 b5 8. Qd2 Bb7 9. g4 Nb6 10. a3 e6 11. 0-0-0 Be7 12. Rg1 0-0 13. Kb1 Rc8 14. g5 Nfd7 15. f4 Qc7 16. f5 Nc4 17. Bxc4 Qxc4 18. f6 Bd8 19. fxg7 Re8 20. Nde2 Ne5 21. Rgf1 Be7 22. Ng3 b4 23. axb4 Qxb4 24. Nd5 Qb5 25. Nxe7+ Rxe7 26. Bd4 Nc4 27. Qd3 e5 28. Bc3 Rec7 29. Rf3 Na3+ 30. Kc1 Qa4 31. bxa3 Rxc3 32. Qxc3 Rxc3 33. Rxc3 Bxe4 34. Rxd6 Bg6 35. h4 h5 36. gxh6 Qf4+ 37. Kb2 Qxh6 38. h5 Qg5 39. hxg6 fxg6 40. Rc7 e4 41. Nxe4 Qe5+ 42. c3 Qb5+ 43. Kc2 Qa4+ 44. Kd3 Qb5+ 45. Kd4 1-0

[Event "RUS-ch Blitz"]
[Site "Sochi"]
[Date "2022.10.14"]
[Round "12"]
[White "Shomoev, Anton"]
[Black "Dragomarezkij, Evgeni"]
[Result "0-1"]
[WhiteElo "2555"]
[BlackElo "2297"]
[PlyCount "116"]
[EventDate "2022.10.14"]
[EventType "swiss (blitz)"]
[EventRounds "13"]
[EventCountry "RUS"]
[SourceTitle "CBM 210 Extra"]
[Source "ChessBase"]
[SourceDate "2022.11.30"]
[SourceVersion "1"]
[SourceVersionDate "2022.11.30"]
[SourceQuality "1"]

1. e4 c5 2. Nf3 e6 3. d4 cxd4 4. Nxd4 a6 5. Nc3 Qc7 6. Qd3 Nf6 7. Qg3 Qxg3 8. hxg3 Bb4 9. f3 d5 10. e5 Nfd7 11. f4 Nc6 12. Be3 Nxd4 13. Bxd4 Nb8 14. a3 Be7 15. Bd3 Nc6 16. Bb6 h6 17. g4 f6 18. exf6 Bxf6 19. g5 Bd8 20. Bxd8 Kxd8 21. gxh6 gxh6 22. 0-0-0 Kc7 23. Rh2 Bd7 24. Rdh1 Rhg8 25. Bf1 Raf8 26. Ne2 e5 27. fxe5 Nxe5 28. Nc3 Bc6 29. Rxh6 d4 30. Rh7+ Kb6 31. Ne2 d3 32. cxd3 Bxg2 33. Bxg2 Rxg2 34. Kd2 Rff2 35. R1h6+ Ka7 36. Re6 Rxe2+ 37. Kc3 Rc2+ 38. Kd4 Nc6+ 39. Kd5 Rg5+ 40. Kd6 Rb5 41. b4 Rc3 42. d4 Nxd4 43. Re8 Rb6+ 44. Kd5 Nb5 45. Rg8 Rd6+ 46. Ke5 Re3+ 47. Kf4 Rxa3 48. Rhh8 Ra4 49. Ra8+ Kb6 50. Rac8 Rxb4+ 51. Ke3 Rc6 52. Rcf8 Rc3+ 53. Kd2 Rg3 54. Rf6+ Ka5 55. Rh1 Rb2+ 56. Kc1 Ra2 57. Rhf1 Rgg2 58. R6f3 Ra1# 0-1

[Event "RUS-ch Blitz"]
[Site "Sochi"]
[Date "2022.10.14"]
[Round "6"]
[White "Shomoev, Anton"]
[Black "Koshulyan, Egor A"]
[Result "1-0"]
[WhiteElo "2555"]
[BlackElo "2114"]
[PlyCount "99"]
[EventDate "2022.10.14"]
[EventType "swiss (blitz)"]
[EventRounds "13"]
[EventCountry "RUS"]
[SourceTitle "CBM 210 Extra"]
[Source "ChessBase"]
[SourceDate "2022.11.30"]
[SourceVersion "1"]
[SourceVersionDate "2022.11.30"]
[SourceQuality "1"]

1. e4 c5 2. Nf3 Nc6 3. d4 cxd4 4. Nxd4 Nf6 5. Nc3 e5 6. Ndb5 d6 7. Bg5 a6 8. Na3 Be6 9. Nc4 Rb8 10. Qd2 Nd4 11. Bxf6 Qxf6 12. Ne3 Qd8 13. Ncd5 Be7 14. c3 Nc6 15. Bc4 Bg5 16. 0-0 0-0 17. a4 Kh8 18. Qd3 Ne7 19. Nxe7 Qxe7 20. Bxe6 fxe6 21. Nc4 Rbd8 22. a5 Qc7 23. Qe2 Bf6 24. Rfd1 Qc5 25. b4 Qb5 26. Qd3 Be7 27. Nb6 Qc6 28. g3 Rf7 29. Ra2 Bf8 30. c4 Be7 31. Kg2 Rff8 32. Rad2 Bg5 33. Rc2 Be7 34. h3 Qc7 35. Rcd2 d5 36. c5 d4 37. Qc4 Qc6 38. f3 Rf6 39. Rd3 Rdf8 40. Rf1 Bd8 41. Qb3 Bxb6 42. axb6 Qd7 43. Qc4 Qc6 44. Rb3 h6 45. b5 axb5 46. Qxb5 Qc8 47. Ra3 Rg6 48. c6 Qxc6 49. Qxc6 bxc6 50. b7 1-0